Mecanique aleatoire /

Bibliographic Details
Main Author: Bismut, Jean-Michel
Format: Book
Language:French
Published: Berlin ; New York : Springer-Verlag, 1981.
Series:Lecture notes in mathematics (Springer-Verlag) ; 866.
Subjects:

MARC

Tag First Indicator Second Indicator Subfields
LEADER 00000cam a2200000 a 4500
001 in00000070489
005 20151008061756.0
008 810908s1981 gw b 00110 fre d
020 |a 3540108408 (Berlin) 
020 |a 0387108408 (New York) 
035 |a (OCoLC)07744680 
035 |9 AAJ8792AM 
040 |a NAM  |c NAM  |d TXA  |d UtOrBLW 
049 |a TXAM  |c [387184] 
090 |a QA3  |b .L28 NO. 866 
100 1 |a Bismut, Jean-Michel. 
245 1 0 |a Mecanique aleatoire /  |c Jean-Michel Bismut. 
264 1 |a Berlin ;  |a New York :  |b Springer-Verlag,  |c 1981. 
300 |a xvi, 563 pages :  |b illustrations ;  |c 25 cm. 
336 |a text  |b txt  |2 rdacontent 
337 |a unmediated  |b n  |2 rdamedia 
338 |a volume  |b nc  |2 rdacarrier 
490 1 |a Lecture notes in mathematics (Springer-Verlag) ;  |v 866 
500 |a Includes index. 
504 |a Bibliography: pages [554]-559. 
650 0 |a Stochastic analysis. 
650 0 |a Mechanics. 
650 0 |a Differential calculus. 
830 0 |a Lecture notes in mathematics (Springer-Verlag) ;  |v 866. 
999 |a MARS 
999 f f |s 92e95264-9c51-3025-8133-4b6af39ed9c1  |i f8895ba5-43ff-37e0-bce9-514e3d8d062c  |t 0 
952 f f |p ric  |a Texas A&M University  |b Rellis Campus  |c Joint Library Facility  |d Remote Storage  |t 0  |e QA3 .L28 NO. 866  |h Library of Congress classification  |i unmediated -- volume  |m A14806200281 
998 f f |a QA3 .L28 NO. 866  |t 0  |l Remote Storage